000 00723cam a22002533a 4500
001 1932
003 PGUSA
005 20140828083008.0
008 991001s1999||||xxu|||||s|||||000 | eng d
040 _aPGUSA
_beng
042 _adc
050 4 _aDL
100 1 _aCarlyle, Thomas,
_d1795-1881
245 1 0 _aEarly Kings of Norway
_h[electronic resource] /
_cThomas Carlyle
260 _bProject Gutenberg,
_c1999
506 _aPublic domain in the USA.
516 _aElectronic text
653 _aNorway -- History -- To 1030
653 _aNorway -- History -- 1030-1397
653 _aNorway -- King and rulers
830 0 _aProject Gutenberg
_v1932
856 4 0 _uhttp://www.gutenberg.org/ebooks/1932
942 _cEB
999 _c231274
_d231274